El libro del génesis 12-50

Uloženo v:
Podrobná bibliografie
Hlavní autor: Ravasi, Gianfranco (Autor)
Médium: Kniha
Jazyk:španělština
Vydáno: Barcelona Herder 1994
Témata:
Tagy: Přidat tag
Žádné tagy, Buďte první, kdo vytvoří štítek k tomuto záznamu!

MARC

LEADER 00000nam a2200000 a 4500
001 UCU1854
003 CL-VaPUC
008 960412e19940000SP |||||||||||||||||spa|d
082 0 4 |a 222.11  |b RAV  |2 21 
100 0 |a Ravasi, Gianfranco  |e author  |9 357640 
245 1 3 |a El libro del génesis 12-50 
300 |a 310 p 
942 |c BK 
945 |d 19960412 00:00:00  |a aalvarez 
260 |a Barcelona  |b Herder  |c 1994 
650 0 |a Biblia  |9 257603 
650 0 |a Antiguo testamento   |9 313678 
650 0 |a Pentateuco  |9 314343 
650 7 |a GENESIS 12-50  |2 CL-VaPUC  |9 357641 
650 7 |a LECTURA ESPIRITUAL  |2 CL-VaPUC  |9 357642 
583 |a last modification  |c 19960412 00:00:00  |k Rodrigo Vera 
999 |c 246328  |d 246326 
952 |0 0  |1 0  |4 0  |6 222_110000000000000_RAV_1994  |7 0  |8 A  |9 261219  |a BIBTEO  |b BIBTEO  |d 2019-11-19  |i 3185907  |o 222.11 RAV 1994  |p 3185907  |r 2025-01-17  |w 2019-11-19  |y BK  |k ICR